Constitución Política de la República de Costa Rica (Registro nro. 7251)
[ vista simple ]
| 000 -Cabecera | |
|---|---|
| Campo de control de longitud fija | 00631aam a2200241 4500 |
| 005 - Fecha y hora de la última transacción | |
| Campo de control | 20241205121422.0 |
| 008 - Elementos de longitud fija--Información general | |
| Campo de control de longitud fija | 150302b2015 xxu||||| |||| 00| 0 ES d |
| 020 ## - International Standard Book Number | |
| Número Internacional Estándar del Libro (ISBN) | 9789977130183 |
| 041 ## - Idioma | |
| Código de idioma | Español |
| 082 ## - Clasificación Decimal Dewey | |
| Número de clasificación | 342.972.86 C8374c34 |
| 100 ## - Entrada principal--Autor personal | |
| Nombre personal | Costa Rica. Leyes, decretos, etc. |
| 245 ## - Título propiamente dicho | |
| Título | Constitución Política de la República de Costa Rica |
| 260 ## - Pie de imprenta | |
| Lugar de publicación, distribución, etc. | Costa Rica |
| 260 ## - Pie de imprenta | |
| Nombre del editor, distribuidor, etc. | IJSA |
| 260 ## - Pie de imprenta | |
| Fecha de publicación, distribución, etc. | 2016 |
| 300 ## - Descripción física | |
| Extensión | 78 páginas |
| 650 ## - Materia general | |
| Temática (materia general) | COSTA RICA |
| 650 ## - Materia general | |
| Temática (materia general) | CONSTITUCIÓN |
| 650 ## - Materia general | |
| Temática (materia general) | DERECHO CONSTITUCIONAL |
| 650 ## - Materia general | |
| Temática (materia general) | DERECHO PÚBLICO |
| 650 ## - Materia general | |
| Temática (materia general) | GARANTÍAS SOCIALES |
| 942 ## - Punto de acceso adicional KOHA | |
| Tipo de ítem KOHA | Libro |
| Fuente del sistema de clasificación o colocación | Dewey Decimal Classification |
| Suprimir en OPAC | No |
| Signatura completa | Código de barras | Tipo de ítem |
|---|---|---|
| 342.972.86 C8374c34 | 19648 | Libro |
| 342.972.86 C8374c34 | 19649 | Libro |
| 342.972.86 C8374c34 | 19650 | Libro |
| 342.972.86 C8374c34 | 19651 | Libro |
| 342.972.86 C8374c34 | 19652 | Libro |
| 342.972.86 C8374c34 | 19653 | Libro |
| 342.972.86 C8374c34 | 19654 | Libro |
| 342.972.86 C8374c34 | 19655 | Libro |
| 342.972.86 C8374c34 | 19656 | Libro |
| 342.972.86 C8374c34 | 19657 | Libro |
| 342.972.86 C8374c34 | 18402 | Libro |
| 342.972.86 C8374c34 | 18403 | Libro |
| 342.972.86 C8374c34 | 18405 | Libro |
| 342.972.86 C8374c34 | 18407 | Libro |
| 342.972.86 C8374c34 | 20391 | Libro |
| 342.972.86 C8374c34 | 20392 | Libro |
| 342.972.86 C8374c34 | 20393 | Libro |
| 342.972.86 C8374c34 | 20394 | Libro |
| 342.972.86 C8374c34 | 20395 | Libro |
| 342.972.86 C8374c34 | 18404 | Libro |
| 342.972.86 C8374c34 | 18406 | Libro |
| 342.972.86 C8374c34 | 24841 | Libro |